Normal view
MARC view
- Tejparkhiji T
Entry Personal Name
001 - CONTROL NUMBER
- control field: 19261
003 - CONTROL NUMBER IDENTIFIER
- control field: OSt
005 - DATE AND TIME OF LATEST TRANSACTION
- control field: 20220803171608.0
008 - FIXED-LENGTH DATA ELEMENTS
- fixed length control field: 220803|| aca||aabn | a|a d
040 ## - CATALOGING SOURCE
- Original cataloging agency: OSt
- Transcribing agency: OSt
100 ## - HEADING--PERSONAL NAME
- Personal name: Tejparkhiji T
670 ## - SOURCE DATA FOUND
- Source citation: Work cat.: (OSt)13175: Tejparkhiji T, Swasanwad Ka Jadu : Apna Remote Control Kaise Prapt Karen, 2007